000
00329nam a22001457a 4500
008
221220b ||||| |||| 00| 0 eng d
020
_a
9780205295906
041
_a
eng
080
_2
fifth edition
_a
7
082
_a
7CAM
100
_a
19
101
_a
ART
245
_a
THE ENJOYMENT OF THEATRE
_c
CAMERON M K
942
_2
udc
_c
BK
999
_c
59217
_d
59217